000 00724nam a2200253Ia 4500
003 OSt
005 20220928114157.0
006 a|||||r|||| 00| 0
007 ta
008 220927b |||||||| |||| 00| 0 eng d
024 _a172
037 _cTextual
040 _aSDCL
_cSDCL
_beng
041 _2eng
_aeng
082 _aX:77.41'P, P6
100 _aYao Yang Ed.
_9437310
245 0 _aGlobalisation and economic growth in China
260 _aNew Jersey
_bWorld Scientific
_c2006
300 _aviii,289p
_ccm.
650 _aEconomic Development China
_9437311
700 _a Yueh Linda Ed.
_9437312
942 _hX:77.41'P, P6
_cTEXL
_2CC
999 _c753264
_d753264